000 00653nam a2200265Ia 4500
005 20260123172726.0
008 008 260114s9999 xx 000 0 eng d
020 _a9780750314077
037 _aEBOOK
040 _aCRL
040 _beng
040 _cCRL
041 _2eng
041 _aeng
084 _qCRL
100 _aLikharev, K K
_91107231
245 0 _aClassical Electrodynamics: Problems with solutions
260 _bInstitute of Physics
260 _c2018
650 _aClassical physics
_91107232
856 _uhttps://doi.org/10.1088/978-0-7503-1407-7
942 _cEBOOK
999 _c1672316
_d1672316